Актуальные вопросы деятельности подразделений патрульно-постовой службы полиции (Запись № 13678054)

Подробности
000 -МАРКЕР
контрольное поле 02915nam0a2200373 4500
001 - ИДЕНТИФИКАТОР ЗАПИСИ
контрольное поле RU\NLR\BIBL_A\022585240
005 - ИДЕНТИФИКАТОР ВЕРСИИ
контрольное поле 20260420050828.0
010 ## - МЕЖДУНАРОДНЫЙ СТАНДАРТНЫЙ НОМЕР КНИГИ (ISBN)
Номер (ISBN) 978-5-907866-36-2
Тираж 114
021 ## - НОМЕР ГОСУДАРСТВЕННОЙ РЕГИСТРАЦИИ
Код страны Российская Федерация
Номер КН-П-25-029659
Номер Листа государственной регистраци КН-П-25-2927
035 ## - ДРУГИЕ СИСТЕМНЫЕ НОМЕРА
Идентификатор записи (NLR Aleph) 022585240
100 ## - ДАННЫЕ ОБЩЕЙ ОБРАБОТКИ
Данные общей обработки 20250715d2024 k y0rusy50 ca
101 0# - ЯЗЫК РЕСУРСА
Язык текста, звукозаписи и т.д. русский
102 ## - СТРАНА ПУБЛИКАЦИИ ИЛИ ПРОИЗВОДСТВА
Страна публикации Российская Федерация
105 ## - ПОЛЕ КОДИРОВАННЫХ ДАННЫХ: ТЕКСТОВЫЕ МАТЕРИАЛЫ, МОНОГРАФИЧЕСКИЕ
Кодированные данные о монографическом текстовом документе a j 000yy
181 #0 - ПОЛЕ КОДИРОВАННЫХ ДАННЫХ: ВИД СОДЕРЖАНИЯ
Код вида содержания (ISBD) i3
Код характеристики содержания (ISBD) axxe
182 #0 - ПОЛЕ КОДИРОВАННЫХ ДАННЫХ: ТИП СРЕДСТВА
Код типа средства (ISBD) n - непосредственное
200 1# - ЗАГЛАВИЕ И СВЕДЕНИЯ ОБ ОТВЕТСТВЕННОСТИ
Основное заглавие Актуальные вопросы деятельности подразделений патрульно-постовой службы полиции
Сведения, относящиеся к заглавию учебное пособие
-- по специальностям 40.05.01 Правовое обеспечение национальной безопасности, 38.05.01 Экономическая безопасность, а также по направлению подготовки 40.03.02 Обеспечение законности и правопорядка
Первые сведения об ответственности И. И. Литвин, кандидат юридических наук, Ю. А. Макарова, кандидат юридических наук, Т. А. Леонова [и др.]
Последующие сведения об ответственности Федеральное государственное казённое образовательное учреждение высшего образования "Уральский юридический институт Министерства внутренних дел Российской Федерации", Кафедра административного права и административной деятельности органов внутренних дел
203 ## - ВИД СОДЕРЖАНИЯ И ТИП СРЕДСТВА
Вид содержания Текст
Дополнительные сведения об издании визуальный
Тип средства непосредственный
210 ## - ПУБЛИКАЦИЯ, РАСПРОСТРАНЕНИЕ И ДР.
Место издания, распространения и т.д. Екатеринбург
Имя издателя, распространителя и т. д. Уральский юридический институт МВД России
Дата издания, распространения и т.д. 2024
215 ## - ФИЗИЧЕСКАЯ ХАРАКТЕРИСТИКА
Специфическое обозначение материала и объем 220 с.
Другие сведения о физической характеристике ил.
Размеры 20
300 ## - ОБЩИЕ ПРИМЕЧАНИЯ
Текст примечания Авт. указаны на обороте тит. с.
320 ## - ПРИМЕЧАНИЯ О НАЛИЧИИ В ДОКУМЕНТЕ БИБЛИОГРАФИИ / УКАЗАТЕЛЯ
Текст примечания Библиогр.: с. 214-220 (78 назв.)
606 1# - НАИМЕНОВАНИЕ ТЕМЫ КАК ПРЕДМЕТ
Наименование темы Полиция
Формальный подзаголовок Учебные издания для высших учебных заведений
Тематический подзаголовок Патрульно-постовая служба
Географический подзаголовок Российская Федерация
Системный номер авторитетной/нормативной записи 2140574
Идентификатор авторитетной/нормативной записи RU\NLR\AUTH\661594740
686 1# - ИНДЕКСЫ ДРУГИХ КЛАССИФИКАЦИЙ
Индекс Х621.163.1я73
701 #1 - ИМЯ ЛИЦА - АЛЬТЕРНАТИВНАЯ ОТВЕТСТВЕННОСТЬ
Начальный элемент ввода Литвин
Часть имени, кроме начального элемента ввода И. И.
Даты Илья Ильич
701 #1 - ИМЯ ЛИЦА - АЛЬТЕРНАТИВНАЯ ОТВЕТСТВЕННОСТЬ
Графика поля Кириллица
Материалы, к которым относится поле rus
Начальный элемент ввода Макарова
Часть имени, кроме начального элемента ввода Ю. А.
Дополнения к именам, кроме дат канд. юрид. наук
Даты 1988-
Расширение инициалов личного имени Юлия Альтафовна
Системный номер авторитетной/нормативной записи 2653341
Идентификатор авторитетной/нормативной записи RU\NLR\AUTH\770281374
701 #1 - ИМЯ ЛИЦА - АЛЬТЕРНАТИВНАЯ ОТВЕТСТВЕННОСТЬ
Начальный элемент ввода Леонова
Часть имени, кроме начального элемента ввода Т. А.
Дополнения к именам, кроме дат юрист, адм. право
Расширение инициалов личного имени Татьяна Алексеевна
Системный номер авторитетной/нормативной записи 254943
Идентификатор авторитетной/нормативной записи RU\NLR\AUTH\770254999
712 02 - НАИМЕНОВАНИЕ ОРГАНИЗАЦИИ - ВТОРИЧНАЯ ОТВЕТСТВЕННОСТЬ
Код отношения Издающая организация
Начальный элемент ввода Уральский юридический институт
Идентифицирующий признак Екатеринбург
Системный номер авторитетной/нормативной записи 483722
Идентификатор авторитетной/нормативной записи RU\NLR\AUTH\889993612
942 ## - ДОПОЛНИТЕЛЬНЫЕ ЭЛЕМЕНТЫ ЗАПИСИ (АБИС)
Тип экземпляра АБИС Книга
980 ## - КОЛЛЕКЦИЯ
Название коллекции Национальная библиография

Нет доступных экземпляров.